| LEADER 00000nam 2200000uu 4500 |
| 001 13399110487 |
| 003 BCNR |
| 008 110212s2552||||th 000 0 tha d |
| 041 0 tha
|
| 060 04 WC515^bค695 2552
|
| 245 00 คู่มือประชาชนป้องกันตนเองจากไข้หวัดใหญ่สายพันธุ์ใหม่ 2009 /^cองค์การบริหารส่วนจังหวัดราชบุรีร่วมกับสำนักงานสาธารณสุขจังหวัดราชบุรี
|
| 260 ราชบุรี :^bองค์การบริหารส่วนจังหวัดราชบุรีและสำนักงานสาธารณสุขจังหวัดราชบุรี],^c2552
|
| 300 040 หน้า :^bภาพประกอบสี ;^c21 ซม.
|
| 650 7 ไข้หวัดใหญ่สายพันธุ์ใหม่ 2009^xการป้องกันและควบคุม
|
| 710 2 องค์การบริหารส่วนจังหวัดราชบุรี
|
| 710 2 สำนักงานสาธารณสุขจังหวัดราชบุรี
|
| 999 ^aบรรณารักษ์
|